Щоденник (Запис № 373653)

МАРК-запис
000 -Лідер
fixed length control field 00825nam a22002537a 4500
001 - Контрольний номер
control field 87384
003 - Ідентифікатор контрольного номера
control field UA-OsUOA
005 - Дата та час останнього входження (трансакції)
control field 20201129213247.0
007 - Фіксоване поле фізичного опису
fixed length control field ta
008 - Елементи даних фіксованої довжини – загальна інформація
fixed length control field 20120918b un ||||| |||| 00| 0 ukr d
040 ## - Джерело каталогізації
Агенція оригінальної каталогізації UA-OsUOA
Мова каталогізації ukr
Агенція, яка здійснювала перезапис UA-OsUOA
Агенція, яка здійснювала модифікацію UA-OsUOA
041 ## - Код мови
Код мови тексту/ звукової доріжки чи окремого заголовка (П) ukr
080 ## - Індекс Універсальної десяткової класифікації
Індекс Універсальної десяткової класифікації (УДК) (НП) 82-94
090 ## - Локальний шифр розміщення
Класифікаційний індекс УДК 82-94
Авторський знак (НП) В 48
100 ## - Основне введення – ім’я особи
Ім’я особи (НП) Винниченко В.
245 ## - Відомості про назву
Назва (НП) Щоденник
Дані про відповідальність (НП) ред. Григорій Костюк ; упоряд. текстів і примітки Олександра Мотиля
260 ## - Публікація, розповсюдження і т.п. (Вихідні дані)
Місце публікації, розповсюдження і т.п. (П) Едмонтон
Ім’я/ наймення видавництва, розповсюджувача і т.п. (П) КІУС
Дата публікації, розповсюдження і т.п. (П) 1983
300 ## - Фізичний опис
Обсяг 700 с.
505 ## - Форматована примітка про зміст
Змішана інформація т. 2
Назва (1921-1925)
650 #7 - Додаткове предметне введення – тематичний термін
Тематичний термін чи географічна назва, як елемент введення (НП) 82 Література. Літературознавство
Джерело заголовка чи терміна UDC
942 ## - Додаткові елементи входу (Коха)
Тип елемента Koha Книги
Source of classification or shelving scheme Universal Decimal Classification
955 ## - Код типу видання за змістом
Код типу видання за змістом (НП) Навчальні видання
Фонди
Стан вилучень Стан втрат Джерело класифікації або схеми стелажів Стан уражень Не для кредиту Постійне місце розташування Поточне розміщення Дата придбання Інвентарний номер Усього замовленно Повний номер виклику Штрих-код Дата останнього перегляду Ціна ефективна від Тип елемента Koha Джерело придбання Вартість, звичайна ціна покупки Код колекції
Withdrawn   Universal Decimal Classification     АБ - Абонемент НБ АБ - Абонемент НБ 18/09/2012 43831   82-94 В 48 43831 13/07/2019 18/09/2012 Книги      
Withdrawn   Universal Decimal Classification     АБ - Абонемент НБ АБ - Абонемент НБ 18/09/2012 51000   82-94 В 48 51000 13/07/2019 18/09/2012 Книги      
    Universal Decimal Classification     Наукова бібліотека ІДУД Наукова бібліотека ІДУД 27/05/2013 2134424   82-94 В48 2134424 14/09/2019 27/05/2013 Книги 293/2012 1.00  
    Universal Decimal Classification     Наукова бібліотека ІДУД Наукова бібліотека ІДУД 16/09/2015 2138476   82-94 В48 2138476 15/09/2019 16/09/2015 Книги 325/2015 1.00  
    Universal Decimal Classification     Наукова бібліотека ІДУД Наукова бібліотека ІДУД 20/10/2006 2125926   82-94 В48 2125926 15/09/2019 20/10/2006 Книги 55/2006 1.00 Колекція Канадського інституту українських студій
    Universal Decimal Classification     Наукова бібліотека ІДУД Наукова бібліотека ІДУД 11/06/2008 2128758   82-94Щод. В48 2128758 15/09/2019 11/06/2008 Книги 195/2008 1.00